00498 2200205 4500001002100000008004100021035002000062245005600082100001900138250000600157260003400163300001100197084001400208082000800222650001400230990001200244990001200256990001200268990001200280INLIS000000000000583 ind  a0010-0424000559 aSeri Pahlawan Nasional; Ir. SoekarnocWahjudi Djaja aDjaja, Wahjudi a1 aKlaten :bCempaka Putihc2009 a64 hlm a900 WAH s a900 aNon Fiksi a0722364 a0722365 a0722366 a0722367